La reforma procesal civil en Chile: análisis crítico del anteproyecto de código procesal civil
Guardat en:
| Autors principals: | , , , , |
|---|---|
| Altres autors: | , , , |
| Format: | Llibre |
| Idioma: | espanyol |
| Publicat: |
Santiago
Universidad de Los Andes
2009
|
| Col·lecció: | Cuadernos de Extensión Jurídica, 16
|
| Matèries: | |
| Etiquetes: |
Afegir etiqueta
Sense etiquetes, Sigues el primer a etiquetar aquest registre!
|
MARC
| LEADER | 00000nam a2200000 a 4500 | ||
|---|---|---|---|
| 001 | UCG1056 | ||
| 003 | CL-VaPUC | ||
| 008 | 100422e20090000CL |||||||||||||||||spa|d | ||
| 020 | |a 9789567160556 | ||
| 082 | 0 | 4 | |a 347.83 |b AGU |2 21 |
| 100 | |a Aguirrezabal Grunstein, Maite |e author |9 600627 | ||
| 700 | 0 | |a Bordalí Salamanca, Andrés |e author |9 548772 | |
| 700 | 0 | |a Carrasco Poblete, Jaime |e author |9 548773 | |
| 700 | 0 | |a Cortéz Matcovich, Gonzalo |e author |9 548774 | |
| 700 | |a Meneses Pacheco, Claudio |e autor |9 767094 | ||
| 700 | |a Ortells Ramos, Manuel |e autor |9 621384 | ||
| 700 | |a Palomo Vélez, Diego Iván |e autor |9 527553 | ||
| 700 | |a Pérez Ragone, Álvaro J. |e autor |9 518956 | ||
| 700 | 0 | |a Romero Seguel, Alejandro |e author |9 548779 | |
| 245 | 1 | 3 | |a La reforma procesal civil en Chile: análisis crítico del anteproyecto de código procesal civil |
| 300 | |a 234 p | ||
| 942 | |c BK | ||
| 945 | |d 20100422 00:00:00 |a rbrito | ||
| 260 | |a Santiago |b Universidad de Los Andes |c 2009 | ||
| 650 | 7 | |a REFORMA PROCESAL CIVIL |2 CL-VaPUC |9 548780 | |
| 650 | 0 | |a Derecho procesal civil |9 258071 | |
| 650 | 0 | |a Código de procedimiento civil |9 256305 | |
| 583 | |a last modification |c 20100422 00:00:00 |k Rodrigo Vera | ||
| 490 | 0 | |a Cuadernos de Extensión Jurídica, 16 | |
| 999 | |c 340510 |d 340508 | ||
| 952 | |0 0 |1 0 |4 0 |6 347_830000000000000_AGU_2009 |7 0 |8 A |9 435294 |a BIBDER |b BIBDER |d 2019-11-22 |i 4664833 |o 347.83 AGU 2009 |p 4664833 |r 2023-01-25 |w 2019-11-22 |y BK |k DER | ||